[Event "SRB-chT3 East playoff"]
[Site "Serbia"]
[Date "2017.10.15"]
[Round "1.17"]
[White "Jankovic, Milan"]
[Black "Delic, Brano"]
[Result "0-1"]
[WhiteElo "1683"]
[BlackElo "1728"]
[PlyCount "64"]
[EventDate "2017.10.15"]
[EventType "team-match"]
[EventRounds "1"]
[EventCountry "SRB"]
[SourceTitle "EXT 2022"]
[Source "ChessBase"]
[SourceDate "2021.10.06"]
[SourceVersion "1"]
[SourceVersionDate "2021.10.06"]
[SourceQuality "1"]

1. d4 d5 2. c4 e6 3. Nc3 Nf6 4. Bg5 Nbd7 5. e3 c6 6. Nf3 Qa5 7. Nd2 Be7 8. Be2 0-0 9. 0-0 dxc4 10. Bxf6 Nxf6 11. Nxc4 Qc7 12. a3 Bd7 13. Ne5 Rad8 14. Nxd7 Rxd7 15. Qa4 a6 16. b4 e5 17. dxe5 Qxe5 18. Qc2 Rfd8 19. Rad1 Bd6 20. g3 h5 21. Na4 Re7 22. Nb6 Bc7 23. Nc4 Qe6 24. Rxd8+ Bxd8 25. Rd1 Bc7 26. Nb2 h4 27. Qc4 hxg3 28. hxg3 Nd5 29. a4 Bxg3 30. e4 Qh3 31. fxg3 Qxg3+ 32. Kh1 Ne3 0-1

[Event "Paracin-ch"]
[Site "Paracin"]
[Date "2017.01.31"]
[Round "1"]
[White "Jankovic, Milan"]
[Black "Dimitrijevic, Nenad"]
[Result "0-1"]
[WhiteElo "1630"]
[BlackElo "2186"]
[PlyCount "44"]
[EventDate "2017.01.31"]
[EventType "swiss"]
[EventRounds "9"]
[EventCountry "SRB"]
[SourceTitle "CBM 176 Extra"]
[Source "ChessBase"]
[SourceDate "2017.03.02"]
[SourceVersion "1"]
[SourceVersionDate "2017.03.02"]
[SourceQuality "1"]

1. d4 Nf6 2. c4 g6 3. Nc3 Bg7 4. e4 d6 5. Nf3 0-0 6. Be2 e5 7. d5 Na6 8. 0-0 Nc5 9. Bd3 a5 10. Na4 Nfxe4 11. Re1 f5 12. Bxe4 Nxe4 13. Nd2 Nxd2 14. Bxd2 b6 15. Nc3 f4 16. Ne4 f3 17. gxf3 Qh4 18. Bg5 Qh3 19. Be7 Rxf3 20. Ng3 Bg4 21. Qd2 Rf7 22. Bg5 Bf3 0-1

[Event "SRB-chT2 East CS"]
[Site "Kragujevac"]
[Date "2016.10.09"]
[Round "11.3"]
[White "Ivanovic, Veljko"]
[Black "Jankovic, Milan"]
[Result "1-0"]
[WhiteElo "1910"]
[BlackElo "1668"]
[PlyCount "71"]
[EventDate "2016.08.26"]
[EventType "team-tourn"]
[EventRounds "11"]
[EventCountry "SRB"]
[SourceTitle "EXT 2021"]
[Source "ChessBase"]
[SourceDate "2020.10.23"]
[SourceVersion "1"]
[SourceVersionDate "2020.10.23"]
[SourceQuality "1"]

1. d4 d5 2. c4 Nf6 3. cxd5 Qxd5 4. Nc3 Qa5 5. Bd2 c6 6. e4 e6 7. Nf3 Nbd7 8. Bc4 Be7 9. Qb3 Qb6 10. Qc2 0-0 11. 0-0 c5 12. d5 e5 13. Bg5 h6 14. Bh4 a6 15. Nd1 Qd6 16. Ne3 g6 17. a4 b6 18. Be2 Rb8 19. Nc4 Qc7 20. Rfd1 Bd6 21. h3 b5 22. axb5 axb5 23. Na5 c4 24. Nc6 Rb6 25. Ra7 Rb7 26. Ra8 Nb6 27. Rxc8 Nxc8 28. Bxf6 Ne7 29. Nfxe5 Nxc6 30. Nxc6 Re8 31. Bf3 Bf8 32. e5 Bg7 33. d6 Qd7 34. Ne7+ Kh8 35. Bxg7+ Kxg7 36. Bc6 1-0

[Event "SRB-chT2 East CS"]
[Site "Kragujevac"]
[Date "2016.10.08"]
[Round "9.3"]
[White "Mitic, Ivan M"]
[Black "Jankovic, Milan"]
[Result "1-0"]
[WhiteElo "1919"]
[BlackElo "1668"]
[PlyCount "55"]
[EventDate "2016.08.26"]
[EventType "team-tourn"]
[EventRounds "11"]
[EventCountry "SRB"]
[SourceTitle "EXT 2021"]
[Source "ChessBase"]
[SourceDate "2020.10.23"]
[SourceVersion "1"]
[SourceVersionDate "2020.10.23"]
[SourceQuality "1"]

1. Nf3 d5 2. d4 Nf6 3. Bf4 e6 4. e3 c6 5. c3 Bd6 6. Bxd6 Qxd6 7. Bd3 0-0 8. 0-0 Nbd7 9. Nbd2 e5 10. dxe5 Nxe5 11. Nxe5 Qxe5 12. Nf3 Qe7 13. h3 Ne4 14. c4 Rd8 15. Qc2 Ng5 16. Nxg5 Qxg5 17. f4 Qh6 18. Kh2 dxc4 19. Bxc4 Be6 20. Rad1 Qf6 21. Bd3 h6 22. Be4 Bxa2 23. Rxd8+ Rxd8 24. Ra1 Bd5 25. Bxd5 Rxd5 26. Rxa7 Rd7 27. Qe4 Qe6 28. Ra8+ 1-0

[Event "SRB-chT3 East"]
[Site "Serbia"]
[Date "2015.10.17"]
[Round "9.56"]
[White "Jankovic, Milan"]
[Black "Dragic, Vladimir"]
[Result "1/2-1/2"]
[WhiteElo "1591"]
[BlackElo "2090"]
[PlyCount "56"]
[EventDate "2015.09.06"]
[EventType "team-tourn"]
[EventRounds "11"]
[EventCountry "SRB"]
[SourceTitle "EXT 2022"]
[Source "ChessBase"]
[SourceDate "2021.10.06"]
[SourceVersion "1"]
[SourceVersionDate "2021.10.06"]
[SourceQuality "1"]

1. d4 e6 2. c4 f5 3. Nc3 d5 4. cxd5 exd5 5. Nf3 Nf6 6. Bg5 c6 7. e3 h6 8. Bh4 g5 9. Bg3 Bg7 10. h4 g4 11. Ne5 0-0 12. Ne2 Nh5 13. Ng6 Re8 14. Ngf4 Nf6 15. Nc3 Nbd7 16. Bd3 Nf8 17. Qc2 Ne4 18. Bxe4 fxe4 19. b4 Nd7 20. 0-0 Bf6 21. b5 Nf8 22. h5 Ne6 23. bxc6 bxc6 24. Nce2 Bd7 25. Nxe6 Rxe6 26. Nf4 Re8 27. Ng6 Re6 28. Rab1 Be8 1/2-1/2

[Event "SRB-chT3 East"]
[Site "Serbia"]
[Date "2015.10.16"]
[Round "8.66"]
[White "Nikolic, Nikola"]
[Black "Jankovic, Milan"]
[Result "1-0"]
[WhiteElo "1938"]
[BlackElo "1591"]
[PlyCount "65"]
[EventDate "2015.09.06"]
[EventType "team-tourn"]
[EventRounds "11"]
[EventCountry "SRB"]
[SourceTitle "EXT 2022"]
[Source "ChessBase"]
[SourceDate "2021.10.06"]
[SourceVersion "1"]
[SourceVersionDate "2021.10.06"]
[SourceQuality "1"]

1. d4 d5 2. c4 c6 3. Nf3 Nf6 4. Nc3 e6 5. g3 Nbd7 6. cxd5 cxd5 7. Bg2 Bb4 8. 0-0 Nb6 9. Ne5 Bd6 10. Bf4 Nh5 11. e3 Nxf4 12. gxf4 a6 13. a4 Rg8 14. Qh5 Bxe5 15. Qxh7 Kf8 16. fxe5 Nc4 17. b4 Qg5 18. f4 Qg4 19. h3 Qg6 20. Qxg6 fxg6 21. e4 Ne3 22. Rf3 Nxg2 23. Kxg2 dxe4 24. Nxe4 Bd7 25. Kf2 Bc6 26. Ke3 Rc8 27. Rc1 Ke7 28. Rff1 Bxa4 29. Nd6 Rxc1 30. Rxc1 Bc6 31. Kf2 Rh8 32. Kg3 Rh5 33. Rc4 1-0

[Event "SRB-ch U12"]
[Site "Vrnjacka Banja"]
[Date "2013.05.04"]
[Round "6"]
[White "Jankovic, Milan"]
[Black "Trajkovic, Mihailo"]
[Result "0-1"]
[WhiteElo "1509"]
[BlackElo "1623"]
[PlyCount "120"]
[EventDate "2013.04.30"]
[EventType "swiss"]
[EventRounds "9"]
[EventCountry "SRB"]
[SourceTitle "CBM 154 Extra"]
[Source "ChessBase"]
[SourceDate "2013.06.25"]
[SourceVersion "2"]
[SourceVersionDate "2013.06.25"]
[SourceQuality "1"]

1. d4 Nf6 2. c4 g6 3. Nc3 Bg7 4. e4 d6 5. Nf3 0-0 6. Be2 e5 7. 0-0 Nc6 8. d5 Ne7 9. Ne1 Nd7 10. Nd3 f5 11. f3 f4 12. b4 g5 13. Bd2 h5 14. Rc1 Nf6 15. Qc2 g4 16. c5 Bd7 17. Nb2 a6 18. Nca4 Rc8 19. Qb3 Bb5 20. Bxb5 axb5 21. Nc3 Kh8 22. Nxb5 Qd7 23. Qd3 Rg8 24. cxd6 cxd6 25. Rxc8 Rxc8 26. Rc1 Rxc1+ 27. Bxc1 gxf3 28. gxf3 Ng6 29. Bd2 Nh4 30. Be1 Nxf3+ 31. Qxf3 Qxb5 32. a4 Qb6+ 33. Kg2 Qd4 34. Nd1 Qxe4 35. Qxe4 Nxe4 36. Kf3 Ng5+ 37. Kf2 e4 38. h4 Bd4+ 39. Kg2 Nf3 40. Bc3 Nxh4+ 41. Kh3 Nf5 42. b5 Bxc3 43. Nxc3 e3 44. Kg2 Nd4 45. a5 f3+ 46. Kf1 e2+ 47. Nxe2 fxe2+ 48. Ke1 Nxb5 49. Kxe2 Nc3+ 50. Kf3 Nxd5 51. Kg3 Nf6 52. Kf3 d5 53. Ke3 h4 54. Kd4 h3 55. Kc5 h2 56. Kb6 h1Q 57. Kxb7 d4+ 58. Kb8 Qa1 59. a6 Qxa6 60. Kc7 Qe6 0-1